000 00605nam a2200217Ia 4500
005 20230615115626.0
008 131103s9999 xx 000 0 und d
020 _a0-85031-701-0
_c3.25 pds
040 _aLoreto College
041 _aEnglish
082 _a808.06
_bBAK
100 _aBaker, Donna
245 _aHow to write stories for magazines
_b a practical guide
_cDonna Baker
260 _aLondon
_bAllison & Busby
_c1988
300 _a96 p.
504 _aFirst published in 1986
650 _aLiterature -
651 _aShort Stories writings technique -
850 _aLCLIB
942 _cBK
999 _c1645
_d52124